000 00461nam a2200181Ia 4500
001 10835
005 20260306161901.0
008 260306t1960||||xx |||||||||||||| ||spa||
041 _aESP
082 _a974
_bG69
100 _aGonzález Ramírez, Manuel
_eAUT
245 0 _aLa revolución social de México:
_bLas ideas - La violencia
260 _c1960
300 _a726 páginas :
_c22 cm.
650 _aGEN
654 _aCHU
942 _cLIB
_dJUS
_fJUS
_2ddc
_n
999 _c10835
_d10835